Popular Books and Their Authors - Statistics

General Stats
  • This quiz has been taken 325 times
    293 since last reset
  • The average score is 102 of 242
Answer Stats
Hint Answer % Correct
Emma Austen
85%
Romeo and Juliet Shakespeare
85%
The Great Gatsby Fitzgerald
83%
1984 Orwell
83%
Macbeth Shakespeare
83%
Pride and Prejudice Austen
82%
Hamlet Shakespeare
82%
A Tale of Two Cities Dickens
81%
Animal Farm Orwell
81%
Frankenstein Shelley
81%
Wuthering Heights Emily Bronte
80%
Sense and Sensibility Austen
79%
Oliver Twist Dickens
79%
Iliad Homer
79%
The Complete Stories of Franz Kafka Kafka
79%
Jane Eyre Charlotte Bronte
78%
Great Expectations Dickens
78%
A Midsummer Night's Dream Shakespeare
78%
Anna Karenina Tolstoy
77%
War and Peace Tolstoy
77%
The Handmaid's Tale Atwood
76%
Odyssey Homer
76%
To Kill a Mockingbird Lee
76%
Les Miserables Hugo
75%
The Adventures of Huckleberry Finn Twain
75%
Alice's Adventures in Wonderland Carroll
74%
Ulysses Joyce
74%
The Metamorphosis Kafka
74%
The Hobbit Tolkien
74%
The Old Man and the Sea Hemingway
73%
King Lear Shakespeare
73%
Othello Shakespeare
73%
The Three Musketeers Dumas
72%
The Catcher In the Rye Salinger
72%
Little Women Alcott
71%
Don Quixote Cervantes
71%
David Copperfield Dickens
71%
Moby Dick Melville
71%
The Grapes of Wrath Steinbeck
71%
The Picture of Dorian Gray Wilde
71%
The Hunchback of Notre Dame Hugo
70%
Gone With The Wind Mitchell
70%
The Raven Poe
70%
The Adventures of Tom Sawyer Twain
70%
Mrs. Dalloway Woolf
70%
Brave New World Huxley
69%
Julius Caesar Shakespeare
69%
The Merchant of Venice Shakespeare
69%
Of Mice and Men Steinbeck
69%
To The Lighthouse Woolf
69%
The Handmaid's Tale Atwood
68%
The Tempest Shakespeare
68%
The Call of the Wild London
67%
A Farewell to Arms Hemingway
66%
Inferno Dante
65%
For Whom the Bell Tolls Hemingway
65%
On The Road Kerouac
65%
Lolita Nabokov
65%
Much Ado About Nothing Shakespeare
65%
Dracula Stoker
65%
Robinson Crusoe Defoe
64%
The Count of Monte Cristo Dumas
64%
One Hundred Years of Solitude Garcia Marquez
64%
Lord of the Flies Golding
64%
The Trial Kafka
64%
The Lion, The Witch, and the Wardrobe Lewis
64%
The Taming of the Shrew Shakespeare
64%
Twelfth Night Shakespeare
64%
Treasure Island Stevenson
64%
The Canterbury Tales Chaucer
63%
The Stories of Anton Chekhov Chekhov
63%
Sherlock Holmes Conan Doyle
63%
The Brothers Karamazov Dostoyevsky
62%
Catch-22 Heller
62%
20,000 Leagues Under the Sea Verne
62%
Slaughterhouse-Five Vonnegut
62%
Crime and Punishment Dostoyevsky
61%
In Search of Lost Time Proust
61%
As You Like It Shakespeare
61%
Uncle Tom's Cabin Stowe
61%
The Stranger Camus
60%
Middlemarch Eliot
60%
The Scarlet Letter Hawthorne
60%
Beloved Morrison
60%
Midnight's Children Rushdie
60%
Candide Voltaire
60%
Charlotte's Web White
59%
Madame Bovary Flaubert
58%
A Portrait of the Artist as a Young Man Joyce
58%
Paradise Lost Milton
58%
The Merry Wives of Windsor Shakespeare
58%
Gulliver's Travels Swift
58%
A Streetcar Named Desire Williams
58%
Fahrenheit 451 Bradbury
56%
A Passage to India Forster
56%
The Importance of Being Earnest Wilde
56%
Heart of Darkness Conrad
55%
The Color Purple Walker
55%
The Hound of the Baskervilles Conan Doyle
54%
The Idiot Dostoyevsky
54%
Waiting for Godot Beckett
53%
Tess of the d'Ubervilles Hardy
53%
The Sun Also Rises Hemingway
53%
Faust Goethe
51%
Pygmalion Shaw
51%
The Pickwick Papers Dickens
50%
Death of a Salesman Miller
50%
The Crucible Miller
48%
The Strange Case of Dr. Jekyll and Mr. Hyde Stevenson
47%
Bleak House Dickens
45%
Absalom, Absalom Faulkner
45%
A Doll's House Ibsen
45%
Vanity Fair Thackeray
45%
The Portrait of a Lady James
44%
The Sound and the Fury Faulkner
43%
The Age of Innocence Wharton
43%
As I Lay Dying Faulkner
42%
Sons and Lovers Lawrence
42%
Howards End Forster
40%
Invisible man Ellison
39%
A Room With a View Forster
39%
The Magic Mountain Mann
39%
Rebecca Maurier
39%
Atonement McEwan
39%
Pilgrim's Progress Bunyan
38%
A Clockwork Orange Burgess
38%
The Last of the Mohicans Cooper
38%
The Wind in the Willows Grahame
38%
Aeneid Virgil
38%
Tender is the Night Fitzgerald
37%
Antigone Sophocles
37%
The Red and the Black Stendhal
37%
The Charge of the Light Brigade Tennyson
37%
The Wasteland Eliot
36%
Love in the Time of Cholera Garcia Marquez
36%
Dead Souls Gogol
36%
The Castle Kafka
36%
Ode on a Grecian Urn Keats
36%
The Glass Menagerie Williams
36%
Orlando: A Biography Woolf
36%
The Plague Camus
35%
Eugene Onegin Pushkin
35%
Beowulf Unknown
35%
The Rime of the Ancient Mariner Coleridge
34%
Oedipus Rex Sophocles
34%
The Little Prince Saint-Exupery
33%
Pale Fire Nabokov
32%
The Master and Margarita Bulgakov
31%
The Tin Drum Grass
31%
Rabbit, Run Updike
31%
Fairy Tales and Stories Anderson
30%
Lord Jim Conrad
30%
Women in Love Lawrence
30%
The World According to Garp Irving
29%
The Big Sleep Chandler
28%
White Teeth Smith
28%
Rip Van Winkle Irving
27%
Ivanhoe Scott
27%
Jude the Obscure Hardy
26%
Rabbit is Rich Updike
26%
Rabbit Redux Updike
26%
The House of Seven Gables Hawthorne
25%
Billy Budd: Foretopman Melville
25%
Our Town Wilder
24%
Father Goriot Balzac
23%
Tom Jones Fielding
23%
A Prayer for Owen Meany Irving
23%
Buddenbrooks Mann
23%
All Quiet on the Western Front Remarque
23%
A Tree Grows in Brooklyn Smith
23%
Oedipus at Colonus Sophocles
23%
The Possessed Dostoyevsky
21%
A Sentimental Education Flaubert
21%
Under the Volcano Lowry
21%
The Charterhouse of Parma Stendhal
21%
Leaves of Grass Whitman
21%
Bonfire of the Vanities Wolfe
21%
Nostromo Conrad
20%
The Remains of the Day Ishiguro
20%
One Flew Over the Cuckoo's Nest Kesey
20%
Main Street Lewis
20%
Blood Meridian McCarthy
20%
Doctor Zhivago Pasternak
20%
No Exit Sartre
20%
Things Fall Apart Achebe
19%
Gravity's Rainbow Pynchon
19%
The House of the Spirits Allende
18%
My Antonia Cather
18%
Journey to the End of the Night Celine
18%
The Prime of Miss Jean Brodie Spark
18%
Decameron Boccaccio
17%
Metamorphoses Ovid
17%
Wide Sargasso Sea Rhys
17%
The House of Mirth Wharton
17%
The Waves Woolf
17%
London Blake
16%
The Red Badge of Courage Crane
16%
Bud, Not Buddy Curtis
16%
Doctor Faustus Mann
16%
Eugenie Grandet Balzac
15%
The Jungle Sinclair
15%
Collected Fiction Borges
12%
Their Eyes Were Watching God Hurston
11%
1Q84 Murakami
11%
Native Son Wright
11%
Cousin Bette Balzac
10%
Long Day's Journey Into Night O'Neill
9%
Gargantua and Pantagruel Rebelais
9%
Tristram Shandy Sterne
8%
A Confederacy of Dunces Toole
8%
Fathers and Sons Turgenev
8%
All the King's Men Warren
8%
The Flowers of Evil Baudelaire
7%
Medea Euripides
7%
A Raisin in the Sun Hansberry
7%
The Golden Notebook Lessing
7%
Nineteen Nineteen Passos
7%
The Big Money Passos
7%
The 42nd Parallel Passos
7%
Lost Illusions Balzac
6%
White Noise DeLillo
6%
The Princess of Cleves La Fayette
6%
Oresteia Aeschylus
5%
Dangerous Liaison de Laclos
5%
The Corrections Franzen
5%
The Ambassadors James
5%
The Wind-up Bird Chronicle Murakami
5%
Ode to Joy Schiller
4%
The Brief Wondrous Life of Oscar Wao Diaz
3%
The Thousand and One Nights Galland and Burton
3%
The Sea, The Sea Murdoch
3%
Confessions of Zeno Svevo
3%
Independent People Laxness
2%
The Good Soldier Madox Ford
2%
The Man Without Qualities Musil
2%
The Moviegoer Percy
2%
Pedro Paramo Rulfo
2%
Austerlitz Sebald
2%
The Tale of Gengi Shikibu
2%
2666 Bolano
1%
Grandmaster Klass
1%
A Season in Hell Rimbaud
1%
No matching quizzes found
Score Distribution
Percent of People with Each Score
Percentile by Number Answered
Your Score History
You have not taken this quiz since the last reset